01346cam a22003015a 4500001000800000005001700008008004100025010001700066020001800083040003300101082002200134100005600156245008500212260004800297300003400345490003500379504005300414650003700467651001000504653002400514655002400538700004400562942002200606999001700628952014700645952013200792952012000924301533120151025111151.0940613t1994 enka frb f001 0 eng d a 94028307  a9780195091199 aDLCbengcDLCdDLCdEG-ScBUE04a660.2815bOGU2221 aOgunnaike, Babatunde A.q(Babatunde Ayodeji)93856010aProcess dynamics, modeling and control /cBabatunde A. Ogunnaike, W. Harmon Ray. aOxford :bOxford University Press,cc.1994. axx, 1260 p. :bill. ;c26 cm.0 aTopics in chemical engineering aIncludes bibliographical references and indexes. 0aChemical process control.2BUEsh 2BUEsh bENGCHEcOctober2015 vReading book9342321 aRay, W. Harmonq(Willis Harmon),d1940- 2ddck660.2815 OGU c20963d20935 00102ddc40708BaccahaMAINbMAINc1STd2015-10-25ePurchasel1m6o660.2815 OGUp000031153q2024-10-01r2022-12-05 00:00:00s2022-12-05yBB 00102ddc40708BaccahaMAINbMAINc1STd2015-10-25ePurchasel1o660.2815 OGUp000031152r2025-07-15 00:00:00s2018-12-25yBB 00102ddc40708BaccahaMAINbMAINc1STd2015-10-25ePurchasel0o660.2815 OGUp000031151r2025-07-15 00:00:00yBB